Statistics for P.A.worksが制作したアニメ作品

Click here to take the quiz!

General Stats

  • This quiz has been taken 17 times
  • The average score is 8 of 36

Answer Stats

公開年作品名% Correct
2013凪のあすから
75%
2020SHIROBAKO
69%
2014SHIROBAKO
69%
2011花咲くいろは
56%
2012TARI TARI
50%
2021白い砂のアクアトープ
44%
2018色づく世界の明日から
44%
2017サクラクエスト
38%
2010Angel Beats!
38%
2015Charlotte
38%
2014グラスリップ
31%
2023スキップとローファー
25%
2020神様になった日
25%
2018ウマ娘プリティーダービー
25%
2023駒田蒸留所へようこそ
25%
2008true tears
25%
2016クロムクロ
19%
2012Another
19%
2013有頂天家族
13%
2022パリピ孔明
13%
2017有頂天家族2
13%
2013RDG
13%
2022アキバ冥途戦争
6%
2018さよならの朝に約束の花をかざろう
6%
2024菜なれ花なれ
6%
2009CANAAN
6%
2013花咲くいろは HOME SWEET HOME
6%
2013恋旅~True Tours Nanto~
6%
2020天晴爛漫!
0%
2016ハルチカ〜ハルタとチカは青春する〜
0%
2011万能野菜ニンニンマン
0%
2011マイの魔法と家庭の日
0%
2020A3!
0%
2023Buddy Daddies
0%
2019Fairy gone
0%
2018天狼 Sirius the Jaeger
0%

Score Distribution

Percentile by Number Answered

Percent of People with Each Score

Your Score History

You have not taken this quiz